000 01053nam a2200277Ia 4500
003 OSt
005 20220923211429.0
006 a|||||r|||| 00| 0
007 ta
008 220922b |||||||| |||| 00| 0 hin d
020 _a9789350000038 (hbk)
_c695
024 _a284,197
037 _b318, 10/01/2015, Vani Prakashan
_cTextual
040 _aARTS
_cARTS
_bhin
041 _2hin
_ahin
082 _aO44(Y5927)wN60,1, 152P9;Q3
100 _aबेचैन, श्यौराज सिंह
_9156370
245 0 _aमेरा बचपन मेरे कन्धों पर
246 _aMerā bachapan mere kandhoan para
250 _a2 संस्करण
260 _aनयी दिल्ली
_b वाणी प्रकाशन
_c2013
300 _a438पृ.
_ccm.
650 _aहिन्दी साहित्य
_9156264
942 _hO44(Y5927)wN60,1, 152P9;Q3
_cTEXL
_2CC
999 _c299390
_d299390